[Event "Titled Tuesday intern op 23rd Apr Late"]
[Site "Chess.com INT"]
[Date "2024.04.23"]
[Round "8"]
[White "Torres, Yelfry"]
[Black "Papp, Bence"]
[Result "1-0"]
[WhiteElo "2061"]
[BlackElo "2278"]
[PlyCount "37"]
[EventDate "2024.04.23"]
[EventType "swiss (blitz)"]
[EventRounds "11"]
[EventCountry "USA"]
[SourceTitle "CB18_2024"]
[SourceDate "2024.05.01"]
[SourceVersion "1"]
[SourceVersionDate "2024.05.01"]
[SourceQuality "2"]

1. c4 Nf6 2. g3 c5 3. Bg2 e6 4. Nf3 d5 5. cxd5 Nxd5 6. d4 Nc6 7. 0-0 Qb6 8. dxc5 Bxc5 9. a3 a5 10. Nbd2 a4 11. b4 Bxf2+ 12. Rxf2 Ne3 13. Qe1 Nc2 14. Nc4 Qd8 15. Qc3 Nxa1 16. Qxg7 Rf8 17. Bh6 Qe7 18. Qxa1 Rg8 19. b5 1-0

[Event "Titled Tuesday intern op 16th Apr Late"]
[Site "Chess.com INT"]
[Date "2024.04.16"]
[Round "10"]
[White "Torres, Yelfry"]
[Black "Lenoir Ibacache, Gabriel Alberto"]
[Result "0-1"]
[WhiteElo "2061"]
[BlackElo "2228"]
[PlyCount "80"]
[EventDate "2024.04.16"]
[EventType "swiss (blitz)"]
[EventRounds "11"]
[EventCountry "USA"]
[SourceTitle "CB17_2024"]
[SourceDate "2024.04.24"]
[SourceVersion "1"]
[SourceVersionDate "2024.04.24"]
[SourceQuality "1"]

1. c4 c5 2. Nc3 Nc6 3. g3 g6 4. Bg2 Bg7 5. Nf3 e6 6. 0-0 Nge7 7. d3 0-0 8. Be3 Nd4 9. Bxd4 cxd4 10. Ne4 d5 11. Ned2 dxc4 12. Nxc4 Bd7 13. a4 Bc6 14. Qb3 Bd5 15. a5 Rc8 16. Rfc1 h6 17. Nfd2 Bxg2 18. Kxg2 Qd5+ 19. Kg1 h5 20. h4 Rc5 21. Ra4 Nc6 22. Rca1 Rb5 23. Qc2 g5 24. hxg5 Qxg5 25. Nd6 Rd5 26. Nxb7 Ne5 27. Nf3 Nxf3+ 28. exf3 h4 29. Kg2 Be5 30. Qc1 Qg6 31. f4 Bb8 32. a6 Kg7 33. Ra5 Rxa5 34. Rxa5 f6 35. Kf3 Qxd3+ 36. Kg2 Qe4+ 37. Kg1 hxg3 38. Qf1 Rh8 39. Qg2 Qe1+ 40. Qf1 Rh1+ 0-1

[Event "Titled Tuesday intern op 16th Apr Late"]
[Site "Chess.com INT"]
[Date "2024.04.16"]
[Round "8"]
[White "Torres, Yelfry"]
[Black "Narva, Triin"]
[Result "1-0"]
[WhiteElo "2061"]
[BlackElo "2079"]
[PlyCount "67"]
[EventDate "2024.04.16"]
[EventType "swiss (blitz)"]
[EventRounds "11"]
[EventCountry "USA"]
[SourceTitle "CB17_2024"]
[SourceDate "2024.04.24"]
[SourceVersion "1"]
[SourceVersionDate "2024.04.24"]
[SourceQuality "1"]

1. c4 g6 2. g3 Bg7 3. Bg2 Nf6 4. Nc3 0-0 5. d3 d6 6. Bg5 h6 7. Bxf6 Bxf6 8. Nf3 e5 9. Qd2 Bg7 10. 0-0 f5 11. b4 c6 12. Rab1 Nd7 13. b5 Nf6 14. bxc6 bxc6 15. Ne1 d5 16. Qc2 e4 17. Qa4 Bd7 18. Nc2 Ng4 19. Qa3 Be6 20. h3 Ne5 21. Nd4 Bf7 22. cxd5 cxd5 23. Rfd1 Rc8 24. Ncb5 a6 25. Qxa6 Ra8 26. Qb7 Rb8 27. Qc7 Qxc7 28. Nxc7 Rxb1 29. Rxb1 Nxd3 30. Nxf5 gxf5 31. exd3 Be5 32. Nb5 Rb8 33. dxe4 dxe4 34. Nc3 1-0

[Event "Titled Tuesday intern op 02nd Apr Late"]
[Site "Chess.com INT"]
[Date "2024.04.02"]
[Round "5"]
[White "Martin Duque, Jesus"]
[Black "Torres, Yelfry"]
[Result "0-1"]
[WhiteElo "2336"]
[BlackElo "2061"]
[PlyCount "132"]
[EventDate "2024.04.02"]
[EventType "swiss (blitz)"]
[EventRounds "11"]
[EventCountry "USA"]
[SourceTitle "CB15_2024"]
[SourceDate "2024.04.10"]
[SourceVersion "1"]
[SourceVersionDate "2024.04.10"]
[SourceQuality "1"]

1. Nf3 Nf6 2. b3 d6 3. Bb2 Nbd7 4. d4 c6 5. g3 Qc7 6. Bg2 e5 7. Nbd2 Be7 8. 0-0 0-0 9. e4 Re8 10. Re1 Bf8 11. c4 a5 12. a3 b6 13. Rc1 Bb7 14. Nf1 g6 15. h3 Bh6 16. Rc2 Rad8 17. Ne3 Nxe4 18. Ng4 Bg7 19. Rxe4 f5 20. Ree2 fxg4 21. hxg4 Re7 22. dxe5 dxe5 23. Rcd2 Rde8 24. b4 axb4 25. axb4 c5 26. b5 e4 27. Bxg7 exf3 28. Rxe7 Rxe7 29. Bxf3 Bxf3 30. Qxf3 Kxg7 31. g5 Ne5 32. Qf6+ Kg8 33. Ra2 Re8 34. Re2 Qe7 35. Kf1 Qxf6 36. gxf6 Kf7 37. Ra2 Nxc4 38. Ra7+ Kxf6 39. Rxh7 Nd6 40. f4 Nxb5 41. Kf2 Nd4 42. g4 Rb8 43. Rc7 b5 44. Ke3 b4 45. Ke4 Ne6 46. g5+ Nxg5+ 47. fxg5+ Kxg5 48. Rxc5+ Kh6 49. Rc2 b3 50. Rh2+ Kg5 51. Rg2+ Kh4 52. Rb2 g5 53. Kf3 g4+ 54. Kg2 Rb4 55. Kh2 g3+ 56. Kg2 Kg4 57. Kg1 Kh3 58. Kf1 Rf4+ 59. Kg1 Re4 60. Kf1 Rf4+ 61. Kg1 Rc4 62. Kf1 Rc1+ 63. Ke2 Rc2+ 64. Kf1 Rxb2 65. Ke1 Rc2 66. Kd1 Kg4 0-1

[Event "Titled Tuesday intern op 02nd Apr Late"]
[Site "Chess.com INT"]
[Date "2024.04.02"]
[Round "4"]
[White "Torres, Yelfry"]
[Black "Swiatlowski, Lukasz"]
[Result "1-0"]
[WhiteElo "2061"]
[BlackElo "2199"]
[PlyCount "105"]
[EventDate "2024.04.02"]
[EventType "swiss (blitz)"]
[EventRounds "11"]
[EventCountry "USA"]
[SourceTitle "CB15_2024"]
[SourceDate "2024.04.10"]
[SourceVersion "1"]
[SourceVersionDate "2024.04.10"]
[SourceQuality "1"]

1. c4 Nf6 2. Nc3 g6 3. g3 Bg7 4. Bg2 d6 5. Nf3 0-0 6. 0-0 e5 7. d3 Nc6 8. Bg5 Bg4 9. h3 Bxf3 10. Bxf3 h6 11. Bxf6 Bxf6 12. Rb1 Bg7 13. b4 Rb8 14. b5 Nd4 15. Bg2 f5 16. e3 Ne6 17. Nd5 Kh8 18. Qa4 Ra8 19. Rfe1 g5 20. f4 gxf4 21. exf4 Rg8 22. Kh2 Bf8 23. Qc2 Nd4 24. Qf2 c6 25. bxc6 bxc6 26. Nc3 Qc7 27. Ne2 Ne6 28. fxe5 dxe5 29. Qxf5 Re8 30. Be4 Ng5 31. h4 Nxe4 32. Qxe4 Bc5 33. Rf1 Rg7 34. Rf5 Reg8 35. Rbf1 Bd6 36. Nc3 Rg4 37. Qe3 Rxg3 38. Qxh6+ Qh7 39. Rh5 R3g7 40. Qxh7+ Rxh7 41. Rxh7+ Kxh7 42. Ne4 Be7 43. Kh3 Rg7 44. Rf5 Bd8 45. Rxe5 Bc7 46. Rg5 Rd7 47. Nc5 Re7 48. Rf5 Bb6 49. Ne4 Rd7 50. Nf6+ Kg6 51. Nxd7 Kxf5 52. Nxb6 axb6 53. h5 1-0

[Event "Titled Tuesday intern op 13th Feb Late"]
[Site "Chess.com INT"]
[Date "2024.02.13"]
[Round "10"]
[White "Al Tarbosh, Ward"]
[Black "Torres, Yelfry"]
[Result "1-0"]
[WhiteElo "2278"]
[BlackElo "2061"]
[PlyCount "57"]
[EventDate "2024.02.13"]
[EventType "swiss (blitz)"]
[EventRounds "11"]
[EventCountry "USA"]
[SourceTitle "CB08_2024"]
[SourceDate "2024.02.21"]
[SourceVersion "1"]
[SourceVersionDate "2024.02.21"]
[SourceQuality "1"]

1. e4 d6 2. d4 Nf6 3. Nc3 e5 4. Nf3 Nbd7 5. Bc4 Be7 6. 0-0 0-0 7. Re1 c6 8. a4 h6 9. b3 b6 10. Ba3 a6 11. dxe5 dxe5 12. Bd6 Bb7 13. Nxe5 b5 14. Bxe7 Qxe7 15. Ng6 Qb4 16. Nxf8 Nxf8 17. e5 N6h7 18. e6 bxc4 19. e7 Ne6 20. Rxe6 fxe6 21. Qd8+ Rxd8 22. exd8Q+ Nf8 23. Qd4 c5 24. Qxc4 Qb6 25. Re1 Qc6 26. f3 Kf7 27. Ne4 Nd7 28. Rd1 Qc8 29. Nd6+ 1-0

[Event "Titled Tuesday intern op 13th Feb Late"]
[Site "Chess.com INT"]
[Date "2024.02.13"]
[Round "7"]
[White "Goncalves, Samuel Jesus P"]
[Black "Torres, Yelfry"]
[Result "0-1"]
[WhiteElo "2219"]
[BlackElo "2061"]
[PlyCount "90"]
[EventDate "2024.02.13"]
[EventType "swiss (blitz)"]
[EventRounds "11"]
[EventCountry "USA"]
[SourceTitle "CB08_2024"]
[SourceDate "2024.02.21"]
[SourceVersion "1"]
[SourceVersionDate "2024.02.21"]
[SourceQuality "1"]

1. Nf3 Nf6 2. g3 d6 3. d4 Nbd7 4. Bg2 e5 5. 0-0 Be7 6. c4 0-0 7. Nc3 c6 8. e4 a6 9. b3 b5 10. cxb5 axb5 11. Re1 Bb7 12. Bb2 Re8 13. Rc1 Qb8 14. a4 b4 15. Nb1 exd4 16. Nxd4 c5 17. Nf5 Bf8 18. Nd2 Ra6 19. Qc2 Qa8 20. f3 g6 21. Ne3 Bh6 22. Rcd1 d5 23. Bf1 Rae6 24. Bb5 dxe4 25. f4 Bc6 26. Bc4 R6e7 27. Ndf1 Bg7 28. Rd2 Nb6 29. Be2 Nfd5 30. Red1 Nc3 31. Bxc3 bxc3 32. Rd6 Bd4 33. R1xd4 cxd4 34. Rxd4 Nd5 35. Bc4 Rc8 36. Nxd5 Bxd5 37. Qxc3 Bxc4 38. Rxc4 Rxc4 39. Qxc4 e3 40. Qc5 Qe4 41. Qc8+ Kg7 42. Qc3+ f6 43. Qe1 e2 44. Nd2 Qe3+ 45. Kg2 Qxd2 0-1

[Event "Titled Tuesday intern op 13th Feb Late"]
[Site "Chess.com INT"]
[Date "2024.02.13"]
[Round "6"]
[White "Torres, Yelfry"]
[Black "Martinez Pla, Xavier"]
[Result "0-1"]
[WhiteElo "2061"]
[BlackElo "2247"]
[PlyCount "70"]
[EventDate "2024.02.13"]
[EventType "swiss (blitz)"]
[EventRounds "11"]
[EventCountry "USA"]
[SourceTitle "CB08_2024"]
[SourceDate "2024.02.21"]
[SourceVersion "1"]
[SourceVersionDate "2024.02.21"]
[SourceQuality "1"]

1. c4 e5 2. g3 Nc6 3. Bg2 g6 4. Nc3 Bg7 5. d3 d6 6. Nf3 f5 7. 0-0 Nf6 8. Bg5 h6 9. Bxf6 Bxf6 10. Nd2 0-0 11. Rb1 g5 12. b4 Ne7 13. Qc2 Rb8 14. b5 Be6 15. Nd5 Bg7 16. Rfc1 Qd7 17. Qa4 Nc8 18. Nb3 f4 19. Na5 Nb6 20. Qb3 g4 21. Be4 f3 22. Qd1 Qf7 23. Ne3 Qh5 24. c5 Nd7 25. cxd6 cxd6 26. Rc7 Nc5 27. Bd5 Bxd5 28. Nxd5 Kh8 29. Nc4 Qg6 30. Rb3 fxe2 31. Qxe2 Ne6 32. Ne7 Qh7 33. Nxd6 Nxc7 34. Qxg4 Rf6 35. Qd7 Rbf8 0-1

[Event "Titled Tuesday intern op 13th Feb Late"]
[Site "Chess.com INT"]
[Date "2024.02.13"]
[Round "3"]
[White "Torres, Yelfry"]
[Black "Perske, Thore"]
[Result "0-1"]
[WhiteElo "2061"]
[BlackElo "2451"]
[PlyCount "138"]
[EventDate "2024.02.13"]
[EventType "swiss (blitz)"]
[EventRounds "11"]
[EventCountry "USA"]
[SourceTitle "CB08_2024"]
[SourceDate "2024.02.21"]
[SourceVersion "1"]
[SourceVersionDate "2024.02.21"]
[SourceQuality "1"]

1. c4 Nf6 2. g3 g6 3. Bg2 Bg7 4. Nc3 0-0 5. Nf3 d6 6. 0-0 c6 7. d3 a5 8. Rb1 e5 9. Bg5 h6 10. Bxf6 Bxf6 11. a3 Re8 12. Qd2 Bg7 13. b4 axb4 14. axb4 Be6 15. Rfc1 Nd7 16. Ne1 Nf6 17. b5 d5 18. bxc6 bxc6 19. cxd5 cxd5 20. Nf3 Nd7 21. Nb5 Rb8 22. Nd6 Rxb1 23. Rxb1 Re7 24. Qc2 Nf6 25. Nb7 Qb8 26. Na5 Qa8 27. Qc5 Re8 28. Nc6 Nd7 29. Qc1 Kh7 30. Nb4 Rc8 31. Qd1 f5 32. h4 e4 33. dxe4 dxe4 34. Nd4 Bf7 35. e3 h5 36. Nbc6 Rxc6 37. Nxc6 Qxc6 38. f3 Nf6 39. fxe4 fxe4 40. Rc1 Qb6 41. Qd2 Bh6 42. Re1 Ng4 43. Qd7 Bxe3+ 44. Kh1 Qe6 45. Qxe6 Bxe6 46. Bxe4 Bf2 47. Re2 Bxg3 48. Kg2 Bxh4 49. Bf3 Bf5 50. Rb2 Bf6 51. Rb7+ Kh6 52. Kg3 Kg5 53. Rb5 Be5+ 54. Kg2 Bf4 55. Be4 Ne3+ 56. Kf3 h4 57. Rb1 Bg4+ 58. Kf2 h3 59. Bh1 h2 60. Rb5+ Nf5 61. Rb4 Bg3+ 62. Kg2 Be5 63. Rb5 Bf4 64. Kf2 Bh5 65. Rb4 Bd1 66. Rc4 Bg4 67. Rb4 Ng3 68. Bg2 Bf5 69. Rb1 Bxb1 0-1

[Event "Continental op 48th"]
[Site "Sturbridge"]
[Date "2018.08.18"]
[Round "5"]
[White "Torres, Yelfry"]
[Black "Tang, Jason1111"]
[Result "1/2-1/2"]
[WhiteElo "2120"]
[BlackElo "1908"]
[PlyCount "91"]
[EventDate "2018.08.16"]
[EventType "swiss"]
[EventRounds "9"]
[EventCountry "USA"]
[SourceTitle "CBM 186 Extra"]
[Source "ChessBase"]
[SourceDate "2018.08.24"]
[SourceVersion "1"]
[SourceVersionDate "2018.08.24"]
[SourceQuality "1"]

1. c4 e5 2. Nc3 Nf6 3. Nf3 Nc6 4. g3 Bc5 5. d3 d6 6. Bg2 h6 7. 0-0 0-0 8. a3 a6 9. b4 Ba7 10. Bb2 Be6 11. h3 Re8 12. Rc1 Nd7 13. e4 f5 14. exf5 Bxf5 15. Kh2 Nf6 16. Nd5 Nxd5 17. cxd5 Ne7 18. Qb3 Kh8 19. d4 e4 20. Nd2 Ng8 21. Qc2 Nf6 22. Qxc7 Re7 23. Qc4 Qg8 24. Rce1 Rae8 25. f3 e3 26. Ne4 Bxe4 27. fxe4 Nxe4 28. Rf4 Nd2 29. Qd3 b5 30. Bc1 Nc4 31. Re4 Rxe4 32. Bxe4 Qf8 33. Bxe3 Nxe3 34. Qxe3 Qf6 35. Rd1 Qe7 36. Re1 Qf6 37. Kg2 Bxd4 38. Qf3 Qxf3+ 39. Kxf3 Rc8 40. Kg4 Rc3 41. Bg6 Be5 42. Rf1 Kg8 43. Rf3 Rxf3 44. Kxf3 Bb2 45. Bf5 Bxa3 46. Bc8 1/2-1/2

[Event "Continental op 48th"]
[Site "Sturbridge"]
[Date "2018.08.17"]
[Round "3"]
[White "Bader, Jeremy"]
[Black "Torres, Yelfry"]
[Result "1/2-1/2"]
[WhiteElo "1845"]
[BlackElo "2120"]
[PlyCount "115"]
[EventDate "2018.08.16"]
[EventType "swiss"]
[EventRounds "9"]
[EventCountry "USA"]
[SourceTitle "CBM 186 Extra"]
[Source "ChessBase"]
[SourceDate "2018.08.24"]
[SourceVersion "1"]
[SourceVersionDate "2018.08.24"]
[SourceQuality "1"]

1. e4 c5 2. Nf3 Nc6 3. d4 cxd4 4. Nxd4 Nf6 5. Nc3 d6 6. Bg5 e6 7. Qd2 a6 8. f4 h6 9. Bh4 Nxe4 10. Nxe4 Qxh4+ 11. g3 Qd8 12. 0-0-0 Bd7 13. Bg2 d5 14. Nc3 Be7 15. Nb3 Qc7 16. Rhe1 0-0-0 17. Bxd5 Nb4 18. Be4 Bf6 19. a3 Bxc3 20. bxc3 Bc6 21. Nd4 Bxe4 22. axb4 Bf3 23. Qe3 Bxd1 24. Rxd1 Rhe8 25. Re1 Rd5 26. Kb2 Kb8 27. Qe4 Rc8 28. Re3 Qc4 29. Rd3 g6 30. Qe3 a5 31. bxa5 Rxa5 32. Nb3 Rd5 33. Rd4 Rxd4 34. Nxd4 h5 35. Qe5+ Qc7 36. Qe3 Qb6+ 37. Kc1 Qa5 38. Kb2 Qd5 39. Nb3 Re8 40. Qb6 Qc6 41. Qb4 Kc7 42. Qd4 b6 43. Qf6 Qd7 44. Nd4 Kb7 45. Qe5 Rc8 46. Nb3 Ra8 47. Qf6 Ra4 48. Qe5 Qe7 49. Qb5 Qa3+ 50. Kb1 Qa2+ 51. Kc1 Qa3+ 52. Kb1 Kc7 53. Qe8 Re4 54. Qxf7+ Kd8 55. Qg8+ Ke7 56. Qg7+ Kd8 57. Qg8+ Ke7 58. Qg7+ 1/2-1/2